Perspektiva rozšíření EU na východ Maďarský pohled
Maďarské stanovisko k problematike rozšírenia Európskej únie smerom na východ. Názor autora na Asociačnú dohodu. Prekážky brzdiace rozšírenie EÚ na východ. Potreba novej vnútornej rovnováhy EÚ. Finančné problémy rozšírenia EÚ. Podpora modernizácie alebo sociálnej stability stredoeurópskych krajín -...
Gespeichert in:
| 1. Verfasser: | |
|---|---|
| Format: | Buchkapitel |
| Sprache: | Tschechisch |
| Schlagworte: | |
| Tags: |
Keine Tags, Fügen Sie das erste Tag hinzu!
|
MARC
| LEADER | 00000naa a2200000 4500 | ||
|---|---|---|---|
| 001 | r018718 | ||
| 005 | 20221208130756.5 | ||
| 041 | 0 | |a cze | |
| 044 | |a CZ | ||
| 245 | 1 | 0 | |a Perspektiva rozšíření EU na východ |b Maďarský pohled |c A. Inotai |
| 520 | |a Maďarské stanovisko k problematike rozšírenia Európskej únie smerom na východ. Názor autora na Asociačnú dohodu. Prekážky brzdiace rozšírenie EÚ na východ. Potreba novej vnútornej rovnováhy EÚ. Finančné problémy rozšírenia EÚ. Podpora modernizácie alebo sociálnej stability stredoeurópskych krajín - sporná otázka pre EÚ. Neujasnenosť otázky rozšírenia EÚ smerom na východ. | ||
| 610 | 2 | 0 | |a Európska únia |
| 610 | 2 | 0 | |a Maďarsko |
| 610 | 2 | 0 | |a stredná Európa |
| 610 | 2 | 0 | |a modernizácia |
| 610 | 2 | 0 | |a integrácia |
| 610 | 2 | 0 | |a financovanie |
| 610 | 2 | 0 | |a dohody asociačné |
| 100 | 1 | |a Inotai, András | |